| 000 | 00294 a2200109 4500 | ||
|---|---|---|---|
| 020 | _a969519088X | ||
| 082 | _a297.63 LIN | ||
| 100 | _aLings, Martin | ||
| 245 |
_aMuhammad His life on the Earliest Sources _cMartin Lings |
||
| 260 |
_aLahore _bSuhail Academy _c2005 |
||
| 300 |
_avi, 361p. _c23 cm. |
||
| 650 | _aMuhammad -- Life | ||
| 999 |
_c169 _d169 |
||